La Paradoja de Feldstein-Horioka (Registro nro. 15021)

Detalles MARC
000 -LEADER
fixed length control field 00344 a2200121 4500
001 - CONTROL NUMBER
control field ART_6957
005 - DATE AND TIME OF LATEST TRANSACTION
control field 20260410161659.0
008 - FIXED-LENGTH DATA ELEMENTS--GENERAL INFORMATION
fixed length control field 260409a
100 1# - MAIN ENTRY--PERSONAL NAME
Personal name Bebczuk, Ricardo
245 10 - TITLE STATEMENT
Title La Paradoja de Feldstein-Horioka
700 1# - ADDED ENTRY--PERSONAL NAME
Personal name Schmidt-Hebbel, Klaus
773 0# - HOST ITEM ENTRY
Title Ensayos Económicos
Related parts - Nº 46 (ene. 2007)
Record control number REV620

No hay ítems disponibles.